000
00287nam a22001457a 4500
003
SGT
082
_a
612
_b
C13V
100
_a
VAS , C.CHICOT
245
_a
CLINICAL EEG
250
_a
1ST
260
_a
DELHI
_b
ANE BOOKS
_c
2013
300
_a
2013
650
_a
CLINICAL
942
_2
ddc
_c
BK
_0
3
999
_c
8721
_d
8721